Statistics for Paris SG - Borussia Dortmund Champions League 2019-20

Click here to take the quiz!

General Stats

  • This quiz has been taken 171 times
  • The average score is 18 of 30

Answer Stats

Player% Correct
Neymar ¹
94%
Keylor Navas
93%
Kylian Mbappé
93%
Erling Braut Haaland
91%
Marquinhos
85%
Mats Hummels
82%
Presnel Kimpembe
78%
Roman Bürki
74%
Ángel Di María
71%
Jadon Sancho
71%
Juan Bernat ¹
68%
Edinson Cavani
65%
Thomas Tuchel
63%
Achraf Hakimi
62%
Emre Can
60%
Raphaël Guerreiro
57%
Axel Witsel
55%
Julian Brandt
54%
Thorgan Hazard
54%
Dan-Axel Zagadou
50%
Leandro Paredes
50%
Idrissa Gueye
47%
Thilo Kehrer
43%
Lucien Favre
42%
Layvin Kurzawa
38%
Giovanni Reyna
36%
Łukasz Piszczek
35%
Pablo Sarabia
26%
Mario Götze
19%
Tanguy Kouassi
4%

Score Distribution

Percentile by Number Answered

Percent of People with Each Score

Your Score History

You have not taken this quiz